Time series analysis and applications to geophysical systems

Αποθηκεύτηκε σε:
Λεπτομέρειες βιβλιογραφικής εγγραφής
Άλλοι συγγραφείς: Brillinger, David R. (Επιμελητής έκδοσης), Robinson, Enders A. (Επιμελητής έκδοσης), Schoenberg, Frederic Paik (Επιμελητής έκδοσης)
Μορφή: Βιβλίο
Γλώσσα:English
Δημοσίευση: New York : Springer, c2004
Σειρά:IMA volumes in mathematics and its applications ; ; 139
Θέματα:
Ετικέτες: Προσθήκη ετικέτας
Δεν υπάρχουν, Καταχωρήστε ετικέτα πρώτοι!

MARC

LEADER 00000nam a2200000 i 4500
001 1/67258
008 041130s2004 eng d
020 |a 0387223118 
035 |l 10075552 
040 |a GR-MY-UA  |b gre  |e aacr 
041 0 |a eng 
082 0 |a 550.727  |2 (21) 
245 1 0 |a Time series analysis and applications to geophysical systems /  |c David R. Brillinger, Enders Anthony Robinson and Frederic Paic Schoenberg 
260 |a New York :   |b Springer,   |c c2004 
300 |a xii, 258 σ.;  |b εικ.;  |c 24 εκ. 
490 1 |a IMA volumes in mathematics and its applications  |v ; 139 
500 |a Περιέχει 94 εικόνες 
504 |a Περιέχει βιβλιογραφικές αναφορές και ευρετήριο 
650 0 0 |a Geophysics  |x Statistical methods. 
650 0 0 |a Time-series analysis. 
700 1 |a Brillinger, David R.  |4 edt 
700 1 |a Robinson, Enders A.  |4 edt 
700 1 |a Schoenberg, Frederic Paik.  |4 edt 
830 0 |a IMA volumes in mathematics and its applications ;  |v ; 139 
852 |a INST  |b LESVOS  |e 20080911  |h 550.727 TIM  |p 005100044440  |q 005100044440  |t BK  |y 0 
852 |a INST  |b SAMOS  |e 20041130  |h 550.727 TIM  |p 005300022600  |q 005300022600  |t BK  |y 0 
901 |a BIBL3-2004-3 
901 |a BIBL1-2008-3 
909 |a Σ  |b 116532 
909 |a Λ  |b 144714 
922 |a 3ΕΛΗ  |b 200410  |c ΕΠΕΑΕΚ2/ΤΜΗΜΑ ΜΑΘΗΜΑΤΙΚΩΝ  |d ΜΙΧΑΛΟΠΟΥΛΟΣ 
922 |a 1ΕΛΗ  |b 200801  |c ΕΠΕΑΕΚ2/ΤΕΘ  |d ΠΑΠΑΣΩΤΗΡΙΟΥ 
950 |a 116-2004-10-10 
970 |a ΚΟΣΙΕΡΗΣ  |b ΧΡΗΣΤΟΣ  |z 2004/12/02